LEADER 00892nam a2200217 i 4500 001 000000010697 003 CaOOAMICUS 005 20180830125440.0 008 180830s1970 it u000 u ita u 040 $aSeMil$bita 245 10$aRoma la capitale :$bimmagini di cento anni /$crealizzazione di Armando Ravaglioli. 260 $a[Roma] :$bEdizione del Banco di Roma,$c1970-1971. 300 $a2 v. ;$c31 cm. 500 $aFondo Card. C.M. Martini. 650 4$aRoma - 1860-1970 - Fotografie.$0(OLS)http://semarc/subject/1712 700 1 $aRavaglioli, Armando.$0(OLS)http://semarc/name/5192 774 0 $aRavaglioli, Armando$tVolume primo.$w()121185 774 0 $aRavaglioli, Armando$tVol. 2.$w()121186 941 1 $a4 996 $6245$aRoma la capitale :$bimmagini di cento anni$9(OLS)http://semarc/title/14135 996 $6260$a[Roma] :$bEdizione del Banco di Roma$9(OLS)http://semarc/publisher/32946 LEADER 01350nam a2200277 i 4500 001 000000119788 003 CaOOAMICUS 005 20050707000000.0 008 050707s1980 it u000 u ita u 013 $a92482 040 $aSeMil$bita 100 1 $aMontesquieu, Charles de Secondat,$c.$0(OLS)http://semarc/name/3038 240 10$aConsidérations sur les causes de la grandeur des Romains et de leur décadence.$0(OLS)http://semarc/title/176141 245 10$aConsiderazioni sulle cause della grandezza dei romani e della loro decadenza /$cMontesquieu ; a cura di Massimo Mori. 260 $aTorino :$bGiulio Einaudi,$c1980. 300 $aXXXV, 184 p. ;$c19 cm. 490 0 $aNuova universale Einaudi ;$v170 500 $aContiene : Nota bibliografica. 650 4$aRoma antica.$0(OLS)http://semarc/subject/2382 700 1 $aMori, Massimo,$d<1948- >.$0(OLS)http://semarc/name/9367 830 0$aNuova universale Einaudi ;$v170.$0(OLS)http://semarc/title/6901 850 $aSeMil 852 $aSeMil$W1$xVenegono$y1$m3S II 105$j74995$B74995$CSeMilBibl$Z2$F99981 $81 961 $aLascito: Colombo Card. Giovanni 996 $6245$aConsiderazioni sulle cause della grandezza dei romani e della loro decadenza$9(OLS)http://semarc/title/176140 996 $6260$aTorino :$bGiulio Einaudi$9(OLS)http://semarc/publisher/29810